01532nab a22002537a 4500999001500000003000400015005001700019008004100036040000700077100003200084245018100116260007200297300001500369500003900384505029300423505018700716505008900903650002600992650004501018650003201063650003101095773013901126942001301265 c5896d5896OSt20260109235612.0190605e xxu||||| |||| 00| 0 spa d cPJ 95145aDiplotti, Matías H.13aEl deber de prevención en materia de riesgos del trabajo y su fundamento para las condenas por responsabilidad civil a las ART ante su incumplimiento /cMatías H. Diplotti. aCiudad Autónoma de Buenos Aires :bThomson Reuters La Ley,c2023. ap. 227-236 aCita: TR LALEY AR/DOC/1351/2023.  aSumario: I. Algunos antecedentes en materia de prevención de la Ley de Riesgos de Trabajo (LRT).— II. Marco Normativo Constitucional. Convenios de la Organización Internacional del Trabajo (OIT).— III. El deber de prevención y la jurisprudencia de la CSJN.— IV. Conclusiones.  aFallo comentado: TTrab. N°1, San Miguel ~ 02/03/2023 ~ Gorosito, Alejandro Alberto c. La Segunda Aseguradora de Riesgos del Trabajo SA s/ accidente de trabajo - acción especial. t¿Te interesa el texto completo? Solicitalo al correo: koha@justierradelfuego.gov.ar 091316aDERECHO LABORAL 095144aASEGURADOR POR RIESGOS DEL TRABAJO 091417aACCIDENTES DE TRABAJO 094425aACCIDENTE IN ITINERE0 0271193168dCiudad Autónoma de Buenos Aires : Thomson Reuters La Ley, 1999-2002.tRevista de derecho del trabajo. Nº 4 - Julio 2023 2udccANA